000
00262nmm a2200085Ia 4500
008
220120s9999||||xx |||||||||||||||||und||
100
_a
Digit
245
0
_a
video editing and encoding tools, mobile application develop
260
_a
Nine dot nine interactive ltd.
_c
2012
999
_c
139739
_d
139739